<?xml version="1.0" encoding="UTF-8"?>
<record
    xmlns:xsi="http://www.w3.org/2001/XMLSchema-instance"
    xsi:schemaLocation="http://www.loc.gov/MARC21/slim http://www.loc.gov/standards/marcxml/schema/MARC21slim.xsd"
    xmlns="http://www.loc.gov/MARC21/slim">

  <leader>01260nam a22002657a 4500</leader>
  <controlfield tag="003">OSt</controlfield>
  <controlfield tag="005">20210712142359.0</controlfield>
  <controlfield tag="008">201820b           ||||| |||| 00| 0 eng d</controlfield>
  <datafield tag="020" ind1=" " ind2=" ">
    <subfield code="a">9789945443622</subfield>
  </datafield>
  <datafield tag="040" ind1=" " ind2=" ">
    <subfield code="a">DO-SdBNP</subfield>
    <subfield code="b">spa</subfield>
    <subfield code="c">BNPHU</subfield>
  </datafield>
  <datafield tag="082" ind1=" " ind2="4">
    <subfield code="a">747.047</subfield>
    <subfield code="b">B213e</subfield>
    <subfield code="2">22</subfield>
  </datafield>
  <datafield tag="110" ind1="2" ind2=" ">
    <subfield code="a">Banco Central de la Rep&#xFA;blica Dominicana</subfield>
    <subfield code="b">Departamento Cultural</subfield>
    <subfield code="9">7006</subfield>
  </datafield>
  <datafield tag="245" ind1="1" ind2=" ">
    <subfield code="a">Exposiciones temporales en el Museo Numism&#xE1;tico y Filat&#xE9;lico, 2016-2018 /</subfield>
  </datafield>
  <datafield tag="260" ind1=" " ind2=" ">
    <subfield code="a">Santo Domingo :</subfield>
    <subfield code="b">Banco Central de la Rep&#xFA;blica Dominicana,</subfield>
    <subfield code="c">2018.</subfield>
  </datafield>
  <datafield tag="300" ind1=" " ind2=" ">
    <subfield code="a">316 p. :</subfield>
    <subfield code="b">il.,</subfield>
    <subfield code="c">23 cm.</subfield>
  </datafield>
  <datafield tag="490" ind1=" " ind2=" ">
    <subfield code="a"> Banco Central de la Rep&#xFA;blica Dominicana ;</subfield>
    <subfield code="v">224</subfield>
  </datafield>
  <datafield tag="490" ind1=" " ind2=" ">
    <subfield code="a">Numism&#xE1;tica y filat&#xE9;lica ;</subfield>
    <subfield code="v">17</subfield>
  </datafield>
  <datafield tag="504" ind1=" " ind2=" ">
    <subfield code="a">Bibliograf&#xED;a : p. 291-294</subfield>
  </datafield>
  <datafield tag="505" ind1=" " ind2=" ">
    <subfield code="a">Presentaci&#xF3;n --</subfield>
    <subfield code="t">Historia popular de la moneda dominicana  --</subfield>
    <subfield code="t">Homenaje a S&#xE1;nchez. Bicentenario de su natalicio (1817-2017) --</subfield>
    <subfield code="t">Banco Central de la Rep&#xFA;blica Dominicana --</subfield>
    <subfield code="t">La mujer dominicana en la numism&#xE1;tica y la filatelia nacionales --</subfield>
  </datafield>
  <datafield tag="590" ind1=" " ind2=" ">
    <subfield code="a">Inventariado, 2020 / DG</subfield>
  </datafield>
  <datafield tag="650" ind1=" " ind2="4">
    <subfield code="a">Sellos Postales</subfield>
    <subfield code="z">Rep&#xFA;blica Dominicana</subfield>
    <subfield code="v">Exposiciones</subfield>
    <subfield code="9">76966</subfield>
    <subfield code="y">2016-2018</subfield>
  </datafield>
  <datafield tag="650" ind1=" " ind2="4">
    <subfield code="a">Numism&#xE1;tica</subfield>
    <subfield code="z">Rep&#xFA;blica Dominicana</subfield>
    <subfield code="v">Exposiciones</subfield>
    <subfield code="x">2016-2018</subfield>
    <subfield code="9">78514</subfield>
  </datafield>
  <datafield tag="910" ind1=" " ind2=" ">
    <subfield code="a">Validado. Control de calidad MFF</subfield>
  </datafield>
  <datafield tag="942" ind1=" " ind2=" ">
    <subfield code="2">ddc</subfield>
    <subfield code="c">LBS1</subfield>
  </datafield>
  <datafield tag="952" ind1=" " ind2=" ">
    <subfield code="0">0</subfield>
    <subfield code="1">0</subfield>
    <subfield code="2">ddc</subfield>
    <subfield code="5">1</subfield>
    <subfield code="7">1</subfield>
    <subfield code="8">MO</subfield>
    <subfield code="a">BNPHU</subfield>
    <subfield code="b">PD</subfield>
    <subfield code="c">HD</subfield>
    <subfield code="d">2018-08-08</subfield>
    <subfield code="e">Donado por Nelson Aquino</subfield>
    <subfield code="l">0</subfield>
    <subfield code="o">BNPHU PD 737.074 B213e 2016-2018</subfield>
    <subfield code="p">2021-1622</subfield>
    <subfield code="r">2020-10-20</subfield>
    <subfield code="w">2020-10-20</subfield>
    <subfield code="y">LBS1</subfield>
  </datafield>
  <datafield tag="952" ind1=" " ind2=" ">
    <subfield code="0">0</subfield>
    <subfield code="1">0</subfield>
    <subfield code="2">ddc</subfield>
    <subfield code="5">1</subfield>
    <subfield code="7">2</subfield>
    <subfield code="8">MO</subfield>
    <subfield code="a">BNPHU</subfield>
    <subfield code="b">PD</subfield>
    <subfield code="c">HD</subfield>
    <subfield code="d">2021-04-28</subfield>
    <subfield code="e">Dominico Americano</subfield>
    <subfield code="l">0</subfield>
    <subfield code="o">BNPHU PD 737.074 B213e 2016-2018</subfield>
    <subfield code="p">2021-1623</subfield>
    <subfield code="r">2021-04-28</subfield>
    <subfield code="t">e.2</subfield>
    <subfield code="w">2021-04-28</subfield>
    <subfield code="y">LBS1</subfield>
  </datafield>
  <datafield tag="952" ind1=" " ind2=" ">
    <subfield code="0">0</subfield>
    <subfield code="1">0</subfield>
    <subfield code="2">ddc</subfield>
    <subfield code="5">6</subfield>
    <subfield code="7">0</subfield>
    <subfield code="8">MO</subfield>
    <subfield code="a">BNPHU</subfield>
    <subfield code="b">GR</subfield>
    <subfield code="c">HD</subfield>
    <subfield code="d">2018-05-06</subfield>
    <subfield code="e">Donado por el Banco Central</subfield>
    <subfield code="l">0</subfield>
    <subfield code="o">BNPHU DS 737.074 B213e 2016-2018</subfield>
    <subfield code="p">2021-1668</subfield>
    <subfield code="r">2021-05-06</subfield>
    <subfield code="t">e.3</subfield>
    <subfield code="w">2021-05-06</subfield>
    <subfield code="y">LBS1</subfield>
  </datafield>
  <datafield tag="952" ind1=" " ind2=" ">
    <subfield code="0">0</subfield>
    <subfield code="1">0</subfield>
    <subfield code="2">ddc</subfield>
    <subfield code="5">6</subfield>
    <subfield code="7">0</subfield>
    <subfield code="8">MO</subfield>
    <subfield code="a">BNPHU</subfield>
    <subfield code="b">GR</subfield>
    <subfield code="c">HD</subfield>
    <subfield code="d">2018-05-06</subfield>
    <subfield code="e">Donado por el Banco Central</subfield>
    <subfield code="l">0</subfield>
    <subfield code="o">BNPHU DS 737.074 B213e 2016-2018</subfield>
    <subfield code="p">2021-1669</subfield>
    <subfield code="r">2021-05-06</subfield>
    <subfield code="t">e.4</subfield>
    <subfield code="w">2021-05-06</subfield>
    <subfield code="y">LBS1</subfield>
  </datafield>
  <datafield tag="952" ind1=" " ind2=" ">
    <subfield code="0">0</subfield>
    <subfield code="1">0</subfield>
    <subfield code="2">ddc</subfield>
    <subfield code="5">6</subfield>
    <subfield code="7">0</subfield>
    <subfield code="8">MO</subfield>
    <subfield code="a">BNPHU</subfield>
    <subfield code="b">GR</subfield>
    <subfield code="c">HD</subfield>
    <subfield code="d">2018-05-06</subfield>
    <subfield code="e">Donado por el Banco Central</subfield>
    <subfield code="l">0</subfield>
    <subfield code="o">BNPHU DS 737.074  B213e 2016-2018</subfield>
    <subfield code="p">2021-1670</subfield>
    <subfield code="r">2021-05-06</subfield>
    <subfield code="t">e.5</subfield>
    <subfield code="w">2021-05-06</subfield>
    <subfield code="y">LBS1</subfield>
  </datafield>
  <datafield tag="999" ind1=" " ind2=" ">
    <subfield code="c">48924</subfield>
    <subfield code="d">48924</subfield>
  </datafield>
</record>
